Statistics for Countries that Fought with Japan through history

Click here to take the quiz!

General Stats

  • This quiz has been taken 130 times
  • The average score is 32 of 41

Answer Stats

YearWarInitially, Japan...Answer% Correct
Ming
100%
1899~1901Boxer RebellioninvadedQing
100%
invadedQing
100%
1939~1945World War 2invadedRepublic of China
100%
1931~1932Mukden incidentinvadedRepublic of China
100%
1937~1945Second Sino-Japanese WarinvadedRepublic of China
100%
1928Huanggutan incidentinvadedRepublic of China
100%
1884Gapsin CoupinvadedJoseon
97%
1875Battle of GanghwainvadedJoseon
97%
1894~1895First Sino-Japanese WarinvadedJoseon
97%
1592~1598Imjin War (Bun'roku Keichō War)invadedJoseon
97%
1918~1922Siberian InterventioninvadedRussia
95%
1904~1905_____-Japanese WarinvadedRussia
95%
1864Shimonoseki Campaignwas invadedUnited Kingdom
95%
1863Bombardment of Kagoshimawas invadedUnited Kingdom
95%
United Kingdom
95%
United States
95%
invadedUnited States
95%
France
89%
France
89%
1274Battle of Bun'eiwas invadedMongolia
87%
Mongolia
87%
1281Battle of Kōanwas invadedMongolia
87%
Korea
84%
Australia
81%
Netherlands
79%
1638Shimabara Rebellionwas invadedNetherlands
79%
Netherlands
79%
1914~1918World War 1invadedGermany
78%
1945~1946Operation MasterdominvadedVietnam
73%
India
72%
Philippines
72%
Canada
60%
Portugal
59%
was invadedSoviet Union
58%
2001Battle of Amami-Oshimawas invadedNorth Korea
53%
Qing
13%
1895Japanese invasion of TaiwaninvadedFormosa
12%
1609Invasion of _____invadedRyukyu Kingdom
10%
1868~1869Boshin WarinvadedRepublic of Ezo
4%
Far Eastern Republic
2%

Score Distribution

Percentile by Number Answered

Percent of People with Each Score

Your Score History

You have not taken this quiz